000 01960nam a2200493 c 4500
001 4239
003 ES-MaCES
005 20160420112221.0
008 961014s1996 sp ||| | spa d
035 _aCES19980042747m
040 _aES-MaCES
_bspa
_cES-MaCES
245 0 0 _aModelos de aseguramiento en España del riesgo de pérdida de la renta derivada de la actividad laboral a causa de la vejez
_c[autores, José M. Alonso Seco ... (et al.)] ; directores de la investigación , Jesús M.ª de las Fuentes, Bernardo Gonzalo ; [con el apoyo del Centro de Estudios de Economía sobre el Sector Público de la Fundación BBV]
260 _aBilbao
_bFundación BBV
_c1996
300 _a275 p.
_c23 cm
490 0 _aEconomia pública
541 _cGratuito
650 4 _aEspaña
_926964
650 4 _a1990-1999
_930874
650 4 _acomparación
_928892
650 4 _apredicción
_928899
650 4 _arégimen de pensión
_927042
650 4 _aprestaciones de vejez
_927041
650 4 _aprotección complementaria
_930466
650 4 _arégimen privado de pensión
_930260
650 4 _ajubilación
_928360
650 4 _ajubilado
_929257
650 4 _apersonas de edad avanzada
_928521
650 4 _acondiciones de vida
_927111
650 4 _areforma administrativa
_927223
650 4 _aadministración de la seguridad social
_930264
650 4 _acuadros estadísticos
_928890
650 4 _929020
_apaís de la UE
650 4 _927056
_aservicios sociales
653 1 0 _aSeguridad Social
700 1 _aAlonso Seco, José María
_96053
700 1 _aFuentes, Jesús María de las
_edir.
_912475
710 2 _aFundación BBV
_eed.
_93765
710 2 _aCentro de Estudios de Economía sobre el Sector Público
_91860
700 1 _913933
_aGonzalo González, Bernardo
_edir.
830 0 _aEconomía pública (Fundación BBV)
_932897
902 _aDOC Literatura gris
942 _2CES
_cBK
_h3.0.
999 _c4239
_d4239